00770nam a2200169 a 450000100100000000500170001000800410002704000250006808200190009324501430011226001540025530000200040965000490042965000330047865000360051165100530054700002891920200930055222.0110412s2000 dr 000 0 spa d aDO-SdBNPbsapcBNPHU a354.328bC766V00aConvenio de Viena para la protección de la capa de ozono :bprotocolo de Montreal relativo a las sustancias que agotan la capa de ozono. aSanto Domingo :bComisión Nacional de Seguimiento a los Acuerdos de la Conferencia de las Naciones Unidas sobre Medio Ambiente y Desarrollo,c2000. a69 p. ;c22 cm. 4aPolítica ambientalzRepública Dominicana 4aCapa de ozonoxLegislación 4aProtección del medio ambiente 4aRepública DominicanaxTratados Internacionales